000 00533nam a22002173a 4500
999 _c9883
_d9883
001 9883
003 BD-JhCC
005 20180403093158.0
008 961212s1953 stk 000 0 eng d
035 _a(BD-JhCC)9883
040 _aBD-JhCC
_dBD-JhCC
041 _aeng
082 _a428.1
_bDUB 1963
100 1 _aDubber, Alfred William Stewart.
245 1 0 _aInterpretation and language exercises
260 _aGlasg,
_c[1953]
300 _a141 p. :
_c18 cm
650 _aEnglish Language
942 _2ddc
_cBK